|
|
|
|
| LEADER |
01755nam a2200361 a 4500 |
| 001 |
15507276 |
| 003 |
BD-DhAAL |
| 005 |
20250713164215.0 |
| 008 |
081031s2009 enka b 001 0 eng d |
| 010 |
|
|
|a 2008044832
|
| 020 |
|
|
|a 0415490847 (hardback)
|
| 020 |
|
|
|a 9780415490849 (hardback)
|
| 020 |
|
|
|a 9780203878996 (ebook)
|
| 020 |
|
|
|a 020387899X (ebook)
|
| 040 |
|
|
|a DLC
|c DLC
|d BTCTA
|d YDXCP
|d UKM
|d BWKUK
|d BWK
|d CDX
|d DLC
|d BD-DhAAL
|
| 082 |
0 |
0 |
|a 332.67/3095
|2 22
|
| 245 |
0 |
0 |
|a Expansion of trade and FDI in Asia :
|b strategic and policy challenges /
|c edited by Julien Chaisse and Philippe Gugler.
|
| 246 |
3 |
|
|a Expansion of trade and foreign direct investment in Asia
|
| 260 |
|
|
|a London ;
|a New York :
|b Routledge,
|c 2009.
|
| 300 |
|
|
|a xiv, 290 pages :
|b illustrations ;
|c 24 cm.
|
| 490 |
0 |
|
|a Routledge contemporary Asia series ;
|v 16
|
| 504 |
|
|
|a Includes bibliographical references and index.
|
| 526 |
|
|
|x Requisitioned by Faculties of BBS
Course name and no : N/A
|
| 541 |
1 |
|
|a Karim International
|e 00019598
|
| 650 |
|
0 |
|a Investments, Foreign
|z Asia.
|9 28055
|
| 650 |
|
0 |
|a International business enterprises
|z Asia.
|
| 700 |
1 |
|
|a Chaisse, Julien.
|9 58745
|
| 700 |
1 |
|
|a Gugler, Philippe.
|9 58746
|
| 852 |
4 |
|
|a Ayesha Abed Library
|j General Shelf
|
| 942 |
|
|
|2 ddc
|c BK
|
| 999 |
|
|
|c 5519
|d 5519
|
| 952 |
|
|
|0 0
|1 0
|2 ddc
|4 0
|6 332_673095000000000_EXP
|7 0
|9 5393
|a BRACUL
|b BRACUL
|c GEN
|d 2009-11-14
|e Karim Interantional
|g 8200.00
|l 3
|o 332.673095 EXP
|p 3010019598
|r 2011-10-17
|s 2011-10-16
|t 1
|w 2009-11-15
|y BK
|x Requisitioned by Faculties of BBS. Course name and no. "not available".
|
| 952 |
|
|
|0 0
|1 0
|2 ddc
|4 0
|6 332_673095000000000_EXP
|7 0
|9 5394
|a BRACUL
|b BRACUL
|c GEN
|d 2009-11-14
|e Karim Interantional
|g 8200.00
|l 0
|o 332.673095 EXP
|p 3010019599
|r 2009-11-15
|t 2
|w 2009-11-15
|y BK
|